000 00197nam a2200085Ia 4500
008 170620s9999 xx 000 0 und d
100 _aSelvam- S.K. Panneer
245 0 _aE-Learning
260 _bNew Delhi- A.P.H
260 _c2010
999 _c25809
_d25809